000 00509nam a2200181Ia 4500
003 GCL
008 140319s9999 xx 000 0 ara d
040 _aGCL /
_cGCL
082 0 4 _a260
_bش ح
100 1 _aشمس الدين الفاسى
245 1 0 _aحقيقة التصوف /
_cشمس الدين الفاسى
260 _a[S.N] :
_bدار مايو الوطنية للنشر
300 _a97 ص
490 _a
650 0 4 _aالاسلام
650 0 4 _aالتصوف الاسلامى
942 _2ddc
_cBK
999 _c54327
_d54327